Veinte poemas de amor y una canción desesperada / (Registro nro. 3550)
[ vista simple ]
| 000 -LEADER | |
|---|---|
| fixed length control field | 01102nam a2200265Ia 4500 |
| 003 - CONTROL NUMBER IDENTIFIER | |
| control field | OSt |
| 005 - DATE AND TIME OF LATEST TRANSACTION | |
| control field | 20200826131635.0 |
| 008 - FIXED-LENGTH DATA ELEMENTS--GENERAL INFORMATION | |
| fixed length control field | 191128s2013 sp er 000 p spa d |
| 020 ## - INTERNATIONAL STANDARD BOOK NUMBER | |
| International Standard Book Number | 8426427103 |
| 040 ## - CATALOGING SOURCE | |
| Original cataloging agency | CO-JMCR |
| Transcribing agency | CO-JMCR |
| 041 ## - LANGUAGE CODE | |
| Language code of text/sound track or separate title | spa |
| 082 04 - DEWEY DECIMAL CLASSIFICATION NUMBER | |
| Classification number | P / |
| Item number | NERv |
| 100 1# - MAIN ENTRY--PERSONAL NAME | |
| Personal name | Neruda, Pablo, |
| Dates associated with a name | 1904-1973 |
| Relator term | autor |
| 9 (RLIN) | 9269 |
| 245 10 - TITLE STATEMENT | |
| Title | Veinte poemas de amor y una canción desesperada / |
| Statement of responsibility, etc. | Pablo Neruda |
| 250 ## - EDITION STATEMENT | |
| Edition statement | Primera edición |
| 260 ## - PUBLICATION, DISTRIBUTION, ETC. | |
| Place of publication, distribution, etc. | España |
| 260 ## - PUBLICATION, DISTRIBUTION, ETC. | |
| Name of publisher, distributor, etc. | Lumen |
| 260 ## - PUBLICATION, DISTRIBUTION, ETC. | |
| Date of publication, distribution, etc. | 1976 |
| 300 ## - PHYSICAL DESCRIPTION | |
| Extent | 55 páginas ; |
| Dimensions | 21 cm |
| 490 0# - SERIES STATEMENT | |
| Series statement | El Bardo |
| 505 ## - FORMATTED CONTENTS NOTE | |
| Formatted contents note | Cuerpo de mujer -- En su llama mortal -- Ah vastedad de pinos -- Es la mañana llena -- Para que tú me oigas -- Te recuerdo como eras --Inclinado en las tardes -- Abeja blanca zumbas -- Ebro de trementina -- Hemos perdido aun este crepúsculo |
| 520 ## - SUMMARY, ETC. | |
| Summary, etc. | "Neruda, orgullo de la patria entera", rezaba una inscripción popular chilena. Orgullo del mundo entero, habría que añadir, porque la poesía de Pablo Neruda es de las que sustentan la fe en el hombre. |
| 650 14 - SUBJECT ADDED ENTRY--TOPICAL TERM | |
| Topical term or geographic name entry element | Poesía chilena |
| 9 (RLIN) | 9270 |
| 942 ## - ADDED ENTRY ELEMENTS (KOHA) | |
| Source of classification or shelving scheme | Dewey Decimal Classification |
| Koha item type | Books |
| Withdrawn status | Lost status | Source of classification or shelving scheme | Damaged status | Not for loan | Collection code | Home library | Current library | Date acquired | Source of acquisition | Total Checkouts | Total Renewals | Full call number | Barcode | Date last seen | Date last checked out | Copy number | Koha item type |
|---|---|---|---|---|---|---|---|---|---|---|---|---|---|---|---|---|---|
| Dewey Decimal Classification | Fiction | Biblioteca Pública José María del Castillo y Rada | Biblioteca Pública José María del Castillo y Rada | 11/28/2019 | Donación | 8 | 1 | P / NERv | 201807414 | 05/06/2025 | 05/05/2025 | Ej.1 | Books |